[Event "Tromsoe Mars GP B"]
[Site "Tromsoe"]
[Date "2017.03.26"]
[Round "6"]
[White "Bjornas, Vidar"]
[Black "Fossum, Dag Tore"]
[Result "1-0"]
[WhiteElo "1154"]
[BlackElo "769"]
[PlyCount "53"]
[EventDate "2017.03.24"]
[EventType "swiss"]
[EventRounds "7"]
[EventCountry "NOR"]
[SourceTitle "EXT 2024"]
[Source "ChessBase"]
[SourceDate "2023.10.10"]
[SourceVersion "1"]
[SourceVersionDate "2023.10.10"]
[SourceQuality "1"]

1. c4 e6 2. d4 f5 3. Nf3 Nf6 4. Nc3 Be7 5. Bf4 c6 6. e3 d5 7. cxd5 cxd5 8. Bd3 0-0 9. Ne5 a6 10. 0-0 b5 11. Qf3 Bb7 12. Qg3 Nh5 13. Qh3 Nxf4 14. exf4 Rf6 15. Rfe1 Rh6 16. Qf3 Qe8 17. Re3 Nc6 18. Nxc6 Bxc6 19. Rae1 Qf7 20. Qe2 Bb4 21. Rxe6 Rxe6 22. Qxe6 Qxe6 23. Rxe6 Bxc3 24. bxc3 Bd7 25. Rd6 Re8 26. Rxd7 Re1+ 27. Bf1 1-0